| 000 | 00608nam a2200229Ia 4500 | ||
|---|---|---|---|
| 003 | OSt | ||
| 005 | 20220925221840.0 | ||
| 006 | a|||||r|||| 00| 0 | ||
| 007 | ta | ||
| 008 | 220923b |||||||| |||| 00| 0 eng d | ||
| 037 | _cGeneral Book | ||
| 040 |
_aRTL _cRTL _beng |
||
| 041 |
_2eng _aeng |
||
| 082 | _aU426v3:N5, K0 | ||
| 100 |
_aGriffith J A G _994234 |
||
| 245 | 0 | _aColoured immigrants in British | |
| 260 |
_aLondon _bOUP _c1960 |
||
| 300 |
_axii, 225p. _ccm. |
||
| 650 | _aMigration | ||
| 942 |
_hU426v3:N5, K0 _cGB _2CC |
||
| 999 |
_c575487 _d575487 |
||